Statistics for CHERUB Book Series Characters

Click here to take the quiz!

General Stats

  • This quiz has been taken 210 times
  • The average score is 18 of 41

Answer Stats

HintAnswer% Correct
AdamsJames
99%
ChangKerry
97%
BluemanKyle
96%
AdamsLauren
96%
NorrisBruce
95%
Rathbone/ReganGregory
84%
ParkerBethany
81%
ParkerJake
78%
LargeNorman
63%
SumnerKevin
60%
AskerZara
59%
CollinsAmy
53%
AskerEwart
51%
O'BrienGabrielle
48%
ReillyConnor
45%
LaganAndy
44%
SmithDana
44%
HendryMichael
44%
ReillyCallum
43%
MossDave
42%
MooreJunior
42%
OxfordJane
39%
JonesJohn
39%
EddisonNicole
38%
SpencerMeryl
37%
DajaniShakeel
36%
WelshDante
32%
TarasovLeon
29%
BlakeChloe
27%
MccafertyTerence
27%
ObidinDenis
24%
DonningtonRalph (The Fuhrer)
22%
Bin-HassamHassam
20%
WalshRonan
18%
ThompsonSasha
16%
EvansBrian
15%
KazakovYosyp
15%
CoxBarry
12%
EvansMaureen
12%
BradfordChris
11%
PikeGeorge
7%

Score Distribution

Percentile by Number Answered

Percent of People with Each Score

Your Score History

You have not taken this quiz